Modern international business: (Record no. 7480)

MARC details
000 -LEADER
fixed length control field 00587 a2200193 4500
010 ## - LCCN (DPL NO)
LC control number ENG-87939
020 ## - INTERNATIONAL STANDARD BOOK NUMBER
Terms of availability 1380.00
International Standard Book Number 8189915606
035 ## - SYSTEM CONTROL NUMBER
System control number EN-71472
037 ## - SOURCE OF ACQUISITION
Source of stock number/acquisition DBAD / PUB
082 14 - DEWEY DECIMAL CLASSIFICATION NUMBER
Classification number 338.88
100 ## - MAIN ENTRY--PERSONAL NAME
Personal name Jain, J. N.
245 1# - TITLE STATEMENT
Title Modern international business:
Statement of responsibility, etc by J.N.Jain [and] P.P.Singh
Remainder of title theory and practice /
260 ## - PUBLICATION, DISTRIBUTION, ETC. (IMPRINT)
Place of publication, distribution, etc New Delhi
Name of publisher, distributor, etc Regal Publications
Date of publication, distribution, etc 2007
270 ## - ADDRESS
Address F-159, Rajouri Garden
City New Delhi
Postal code 110 027
300 ## - PHYSICAL DESCRIPTION
Extent xiv, 436p.
Dimensions 24cm (Hb)
500 ## - GENERAL NOTE
General note Includes index
700 ## - ADDED ENTRY--PERSONAL NAME
Personal name Singh, P.P.
942 ## - ADDED ENTRY ELEMENTS (KOHA)
Institution code [OBSOLETE] dpl
Item type English Books
Source of classification or shelving scheme Dewey Decimal Classification
Classification part 338.88
Call number suffix JAI
Holdings
Withdrawn status Lost status Not for loan Collection code Home library Current library Source of acquisition Cost, normal purchase price Full call number Barcode Copy number Cost, replacement price Koha item type
    Not For Loan Non-fiction D.B.Act.Division D.B.Act.Division DBAD/PUB 1380.00 338.88 JAI EN-71472 1 1380.00 English Books

© Delhi Public Library
Hit Counter
free hit counter